[Event "Challenge"]
[Site "http://www.queenalice.com/game.php?id=1872582"]
[Date "2026.4.29"]
[Round "-"]
[White "Mlintz"]
[Black "crisvolei"]
[Result "1-0"]
[WhiteElo "1823"]
[BlackElo "1550"]

1. e4 e5 2. Nf3 Qf6 3. Nc3 Nc6 4. Nd5 Qd6 5. d3 Nd4 6. c3 Nxf3+ 7. Qxf3 f6 8. g4
g5 9. h4 Bh6 10. Bd2 c6 11. hxg5 Bxg5 12. Bxg5 fxg5 13. Ne3 Nf6 14. Nf5 Qc5 15.
Rh6 Qf8 16. Rh2 h5 17. gxh5 d5 18. O-O-O g4 19. Qg3 Bxf5 20. exf5 Qh6+ 21. Kb1
O-O-O 22. Qxe5 g3 23. Qe6+ Rd7 24. fxg3 Rg8 25. Qe1 Kd8 26. Qf2 Ng4 27. Qc2 Nxh2
28. Qxh2 c5 29. Be2 Qe3 30. g4 b5 31. Qb8+ Ke7 32. Qxg8 Qxe2 33. Qg5+ Kd6 34.
Rd2 Qe1+ 35. Kc2 c4 36. dxc4 bxc4 37. Qf4+ Kc6 38. f6 Qe4+ 39. Qxe4 dxe4 40.
Rxd7 Kxd7 41. Kd2 Ke6 42. g5 Kf7 43. Ke3 a5 44. Kxe4 a4 45. Kf5 1-0

[Event "Challenge"]
[Site "http://www.queenalice.com/game.php?id=1872678"]
[Date "2026.4.30"]
[Round "-"]
[White "jogo"]
[Black "crisvolei"]
[Result "1-0"]
[WhiteElo "1220"]
[BlackElo "1525"]

1. e4 e5 2. Nf3 Qf6 3. c4 g5 4. h3 Nc6 5. a3 a5 6. Nc3 Bc5 7. Nd5 Qd6 8. Nxg5
Nd4 9. Qh5 Nc2+ 10. Kd1 Nxa1 11. Qxf7+ Kd8 12. Qg7 c6 13. Nf7+ Ke8 14. Nxd6+
Bxd6 15. Qxh8 cxd5 16. Qxg8+ Bf8 17. Qxd5 Ra6 18. Qxe5+ Re6 19. Qh5+ Kd8 20.
Qxh7 Nb3 21. d3 b5 22. Bg5+ Kc7 23. Qf5 bxc4 24. Qxf8 c3 25. bxc3 a4 26. Bf4+
Kb7 27. Qb4+ Rb6 28. Qxa4 Nc5 29. Qc4 Ne6 30. Qd5+ Ka6 31. Qa8+ Kb5 32. d4# 1-0

[Event "Challenge"]
[Site "http://www.queenalice.com/game.php?id=1872843"]
[Date "2026.5.2"]
[Round "-"]
[White "tche_elvio"]
[Black "crisvolei"]
[Result "1-0"]
[WhiteElo "1632"]
[BlackElo "1536"]

1. e4 e5 2. Nf3 Qf6 3. Nc3 c6 4. d4 Bb4 5. Bg5 Qd6 6. dxe5 Qxd1+ 7. Rxd1 h6 8.
Bd2 b5 9. Bd3 Ne7 10. O-O d5 11. exd6 Ng6 12. a3 Ba5 13. e5 Bg4 14. h3 Be6 15.
b4 Bb6 16. Ne4 Nd7 17. Nc5 Nxc5 18. Be3 O-O-O 19. Bxc5 Bxc5 20. bxc5 a5 21. Nd4
Nf4 22. Nxe6 fxe6 23. c4 Nxd3 24. Rxd3 bxc4 25. d7+ Kc7 26. Rd4 c3 27. Rc1 h5
28. Rxc3 g5 29. Rcd3 Rhf8 30. g3 Rf7 31. f4 g4 32. hxg4 hxg4 33. Rd6 Rdxd7 34.
Rxd7+ Rxd7 35. Rxd7+ Kxd7 36. Kf2 Ke7 37. Ke3 Kd7 38. Kd4 Kc7 39. a4 Kd7 40. Ke4
Ke7 41. f5 exf5+ 42. Kxf5 Kf7 43. e6+ Ke7 44. Ke5 Kd8 45. Kd6 Ke8 46. e7 Kf7 47.
Kd7 1-0

[Event "Challenge"]
[Site "http://www.queenalice.com/game.php?id=1872884"]
[Date "2026.5.3"]
[Round "-"]
[White "crisvolei"]
[Black "tche_elvio"]
[Result "0-1"]
[WhiteElo "1550"]
[BlackElo "1610"]

1. e4 c5 2. d4 cxd4 3. Qxd4 Nc6 4. Qc4 e6 5. Nf3 Qa5+ 6. Bd2 Qc7 7. g3 Bd6 8.
Nc3 Nf6 9. h4 h6 10. Nb5 Qb8 11. Bf4 Bxf4 12. gxf4 O-O 13. O-O-O Qxf4+ 14. Nd2
Ne5 15. Qc5 Nxe4 16. Qd4 Nc6 17. Qd3 Nxf2 18. Qf3 Qxf3 19. Nxf3 Nxh1 20. Bg2 Ng3
21. c3 Ne2+ 22. Kb1 Nf4 23. Nc7 Rb8 24. Bf1 a6 25. a4 b5 26. axb5 axb5 27. b4
Nd5 28. h5 Nxc3+ 29. Kc2 Nxd1 30. Kxd1 Nxb4 31. Nd4 Ba6 32. Nxa6 Nxa6 33. Nxb5
Nc5 34. Kc2 Rxb5 35. Bxb5 Rc8 36. Kc3 Ne4+ 37. Kd4 d5 38. Bd7 Rc4+ 39. Ke5 Nf6
40. Bb5 Ng4+ 41. Kd6 Rc3 42. Bd7 Nf6 43. Bxe6 fxe6 44. Kxe6 d4 0-1

[Event "Challenge"]
[Site "http://www.queenalice.com/game.php?id=1872930"]
[Date "2026.5.5"]
[Round "-"]
[White "crisvolei"]
[Black "Mr_SPOCK"]
[Result "1-0"]
[WhiteElo "1480"]
[BlackElo "1872"]

1. e4 e5 2. d4 Bd6 3. g3 Nf6 4. Qf3 exd4 5. Bg5 Be5 6. Nd2 d6 7. h3 a6 8. Nc4 c6
9. Nxe5 dxe5 10. Bc4 Be6 11. Bxe6 fxe6 12. O-O-O O-O 13. Ne2 Qa5 14. a3 Nbd7 15.
h4 Nc5 16. h5 Nd5 17. Qg2 Nc7 18. g4 b5 19. f4 exf4 20. Nxd4 Qb6 21. Be7 Rf7 22.
Bd6 h6 23. g5 b4 24. gxh6 Kh7 25. Qg6+ Kg8 26. h7+ Kh8 27. h6 Rd7 28. Be5 Ne8
29. Nxe6 Nxe6 30. Rxd7 Qe3+ 31. Kb1 bxa3 32. Rxg7 N6xg7 33. hxg7+ Nxg7 34. Qxg7#
1-0

[Event "Challenge"]
[Site "http://www.queenalice.com/game.php?id=1873008"]
[Date "2026.5.7"]
[Round "-"]
[White "Leanne"]
[Black "crisvolei"]
[Result "1-0"]
[WhiteElo "1348"]
[BlackElo "1545"]

1. Nf3 Nh6 2. c4 Ng4 3. e3 Nxf2 4. Qe2 Nxh1 5. Nc3 f6 6. d4 e5 7. Bd2 c6 8. dxe5
Bc5 9. O-O-O d5 10. exf6 Qxf6 11. cxd5 Bg4 12. Ne4 Qf5 13. Nxc5 Qxd5 14. Bb4
Qxa2 15. Qd2 O-O 16. Nd7 Qa1+ 17. Kc2 Qa4+ 18. b3 Qa2+ 19. Kc3 Qxd2+ 20. Rxd2
Rd8 21. Nfe5 Nxd7 22. Nxg4 a5 23. Be7 Re8 24. Rxd7 b5 25. Bc5 h5 26. Be2 hxg4
27. Bxg4 Nf2 28. Bf3 g5 29. Bxc6 Re5 30. Bxa8 Rxc5+ 31. Kd4 Ng4 32. Kxc5 Ne5 33.
Rd5 Nf7 34. Bc6 b4 35. Be8 g4 36. Bxf7+ Kxf7 37. Kc6 a4 38. bxa4 b3 39. h3 b2
40. Rd1 g3 41. a5 Kf6 42. a6 Ke5 43. Rb1 Ke4 44. Rxb2 Kxe3 45. a7 1-0

[Event "Challenge"]
[Site "http://www.queenalice.com/game.php?id=1873009"]
[Date "2026.5.7"]
[Round "-"]
[White "crisvolei"]
[Black "Leanne"]
[Result "0-1"]
[WhiteElo "1583"]
[BlackElo "1294"]

1. e4 Nc6 2. d4 d5 3. Bb5 Bd7 4. exd5 Nb4 5. Bxd7+ Qxd7 6. c3 Nxd5 7. Na3 e6 8.
Qf3 Ngf6 9. Bg5 Be7 10. Nc4 O-O 11. Ne5 Qd6 12. O-O-O c5 13. h4 Nd7 14. Bxe7
Qxe7 15. Nxd7 Qxd7 16. dxc5 Qc6 17. b4 Rad8 18. Ne2 b6 19. Nd4 Qc7 20. c6 e5 21.
Qg3 g6 22. h5 exd4 23. Qxc7 Nxc7 24. f4 dxc3 25. Rxd8 Rxd8 26. g4 Na6 27. b5 Nb4
28. h6 Nxa2+ 29. Kb1 Rd2 30. c7 c2+ 31. Kb2 c1=Q+ 0-1

[Event "Challenge"]
[Site "http://www.queenalice.com/game.php?id=1873200"]
[Date "2026.5.9"]
[Round "-"]
[White "Mr_SPOCK"]
[Black "crisvolei"]
[Result "1-0"]
[WhiteElo "1810"]
[BlackElo "1537"]

1. e4 e5 2. Nc3 c6 3. Bc4 Qf6 4. Nf3 d5 5. exd5 cxd5 6. Nxd5 Qd6 7. O-O Bd7 8.
Re1 f6 9. d4 Nc6 10. Bf4 O-O-O 11. dxe5 Qc5 12. b3 fxe5 13. Nxe5 b5 14. Be3 Qd6
15. Nf7 Qg6 16. Nf4 Qf6 17. Bd5 Re8 18. Nxh8 Ne5 19. Nh5 Qh4 20. Bxg8 Kc7 21.
Bf4 Bd6 22. Nf7 Bg4 23. Qxd6+ Kc8 24. Qc5+ Kb8 25. Qxb5+ Kc7 26. Qxe8 Qxh5 27.
Rxe5 Qg6 28. Re6+ Kb7 29. Qc6# 1-0

[Event "Challenge"]
[Site "http://www.queenalice.com/game.php?id=1873841"]
[Date "2026.5.22"]
[Round "-"]
[White "crisvolei"]
[Black "Mlintz"]
[Result "0-1"]
[WhiteElo "1550"]
[BlackElo "1815"]

1. e4 e5 2. f4 d5 3. fxe5 dxe4 4. Bc4 Bc5 5. Nh3 Qh4+ 6. g3 Qxh3 7. c3 Be6 8. b4
Bb6 9. Qb3 Bxc4 10. Qxc4 Ne7 11. d4 exd3 12. Bd2 Qg2 13. Rf1 O-O 14. Na3 a6 15.
O-O-O Nbc6 16. e6 f6 17. Qxd3 Ne5 18. Qc2 Rfd8 19. Kb1 Rd3 20. Qc1 Rad8 21. c4
Rxd2 22. Rxd2 Rxd2 23. Rd1 Qe4+ 24. Nc2 Rxd1 25. Qxd1 Qd3 26. Qc1 Bd4 27. g4
Nxg4 28. h4 Ne3 29. c5 Nxc2 30. Qxc2 Qf1+ 31. Qc1 Qf5+ 32. Qc2 Qxe6 33. Qd3 Nf5
34. h5 Qe1+ 35. Kc2 Ne3+ 36. Kb3 Qd1+ 37. Qxd1 Nxd1 38. Kc4 Be5 39. a4 Nf2 40.
b5 axb5+ 41. Kxb5 Ne4 42. a5 Ng3 43. a6 bxa6+ 44. Kxa6 Nxh5 45. Kb7 Nf4 46. c6
h5 0-1

[Event "Challenge"]
[Site "http://www.queenalice.com/game.php?id=1873842"]
[Date "2026.5.22"]
[Round "-"]
[White "Mlintz"]
[Black "crisvolei"]
[Result "0-1"]
[WhiteElo "1788"]
[BlackElo "1510"]

1. e4 e5 2. Nf3 Qf6 3. Nc3 c6 4. d4 exd4 5. Nxd4 Bc5 6. Nf3 Ne7 7. Bc4 b5 8. Bg5
Qg6 9. O-O bxc4 10. Be3 Bxe3 11. fxe3 d5 12. exd5 cxd5 13. Nxd5 Na6 14. Nf4 Qe4
15. Re1 Bg4 16. Qe2 Nc5 17. Rad1 O-O 18. Rd4 Qf5 19. Rxc4 h5 20. Qf2 Ne4 21. Qf1
Bxf3 22. Qxf3 Nd2 23. Qe2 Nxc4 24. Qxc4 Rac8 25. Qe2 Rxc2 26. Qxh5 Qf6 27. Qg4
g6 28. Nh5 Qf2+ 0-1

[Event "Challenge"]
[Site "http://www.queenalice.com/game.php?id=1873864"]
[Date "2026.5.23"]
[Round "-"]
[White "Leanne"]
[Black "crisvolei"]
[Result "1-0"]
[WhiteElo "1361"]
[BlackElo "1521"]

1. e4 e5 2. d3 Bc5 3. Nf3 f6 4. Be3 d6 5. d4 exd4 6. Nxd4 Qd7 7. Bb5 c6 8. Bc4
d5 9. exd5 b5 10. Bb3 Qd6 11. dxc6 Nxc6 12. O-O Nge7 13. Nxb5 Qxd1 14. Rxd1 Bf5
15. Nc7+ Kf8 16. Nxa8 Bxe3 17. fxe3 Ne5 18. Nc3 Ng4 19. Rd8# 1-0

[Event "Challenge"]
[Site "http://www.queenalice.com/game.php?id=1873865"]
[Date "2026.5.23"]
[Round "-"]
[White "crisvolei"]
[Black "Leanne"]
[Result "0-1"]
[WhiteElo "1499"]
[BlackElo "1413"]

1. e4 d6 2. Bc4 e6 3. Nc3 Nf6 4. d4 d5 5. exd5 exd5 6. Nxd5 Nxd5 7. Qe2+ Be6 8.
Bxd5 Qxd5 9. c3 Be7 10. Bf4 c5 11. O-O-O cxd4 12. b3 O-O 13. Rxd4 Qc6 14. c4 b5
15. Nf3 bxc4 16. Ne5 Qc5 17. Nxc4 Qxd4 18. Be5 Qc5 19. Kb2 Bxc4 20. Rc1 Qa3+ 21.
Kb1 Bxe2 22. Rc7 Na6 23. Rb7 Bg5 24. f4 Rac8 25. Bb2 Qc5 26. fxg5 Qg1+ 27. Bc1
Qxc1# 0-1